000 nam a22 7a 4500
999 _c8200
_d8200
008 171211b xxu||||| |||| 00| 0 eng d
100 _aBhashanjaly.S.
_94632
245 _aAbc of value Education
260 _aNew Delhi
_bHolyfaith
_c2009